[Event "ch-FRA Blitz Online Qual"]
[Site "Europe-Chess INT"]
[Date "2020.05.16"]
[Round "4"]
[White "Spagnoli, Benjamin"]
[Black "Emmenecker, Philippe"]
[Result "0-1"]
[WhiteElo "1770"]
[BlackElo "2100"]
[WhiteFideId "20667116"]
[BlackFideId "616273"]
[EventDate "2020.05.16"]

1. d4 Nf6 2. c4 g6 3. Nc3 Bg7 4. e4 d6 5. Nf3 O-O 6. h3 Nbd7 7. Be3 e5 8. d5 a5
9. Be2 Nc5 10. Nd2 b6 11. Qc2 Nfd7 12. g4 Qh4 13. O-O-O Bh6 14. Bxh6 Qxh6 15.
Kb1 Qf4 16. f3 Ba6 17. h4 h6 18. Rdg1 Kg7 19. Bf1 Rh8 20. Ne2 Qe3 21. Ng3 a4 22.
h5 Rab8 23. hxg6 fxg6 24. Be2 b5 25. Ngf1 Qf4 26. Ng3 bxc4 27. Bxc4 Bxc4 28.
Nxc4 Rb4 29. Nd2 Rhb8 30. Nh5+ gxh5 31. gxh5+ Kh7 32. Rg4 Qe3 33. Rhg1 Rxb2+ 34.
Qxb2 Rxb2+ 35. Ka1 Rxa2+ 36. Kxa2 Qxd2+ 37. Ka1 Qc3+ 38. Kb1 Qb3+ 39. Ka1 Qc3+
40. Kb1 Nf6 41. Rg7+ Kh8 42. Rf7 Qb3+ 43. Ka1 Qa3+ 44. Kb1 Qb4+ 45. Ka1 Qd4+ 46.
Kb1 Qxg1+ 47. Ka2 0-1

[Event "ch-FRA Blitz Online Qual"]
[Site "Europe-Chess INT"]
[Date "2020.05.16"]
[Round "4"]
[White "Acudad, Marsuk"]
[Black "Bourgeois, Florian"]
[Result "0-1"]
[WhiteElo "1665"]
[BlackElo "2033"]
[WhiteFideId "689157"]
[BlackFideId "690660"]
[EventDate "2020.05.16"]

1. d4 g6 2. e4 Bg7 3. Nc3 c5 4. dxc5 Bxc3+ 5. bxc3 Qa5 6. Qd4 Nf6 7. Bd2 Nc6 8.
Qe3 O-O 9. c4 Qc7 10. Bd3 b6 11. f4 bxc5 12. Ne2 d6 13. O-O Bg4 14. Nc3 Nd4 15.
f5 Kh8 16. h3 Bh5 17. Nd5 Nxd5 18. cxd5 gxf5 19. exf5 f6 20. c3 c4 21. Qxd4 cxd3
22. Qxd3 Rg8 23. Rf2 Bf7 24. c4 Rab8 25. Rc1 Rb2 26. a4 Qd7 27. Qc3 Ra2 28. a5
Qa4 29. Be3 Ra3 30. Qd4 Qxa5 31. c5 dxc5 32. Rxc5 Qe1+ 33. Kh2 Rxe3 34. d6 Qxf2 0-1

[Event "ch-FRA Blitz Online Qual"]
[Site "Europe-Chess INT"]
[Date "2020.05.16"]
[Round "4"]
[White "Verspecht, Thierry"]
[Black "Mallevaey, Armand"]
[Result "1-0"]
[WhiteElo "2033"]
[BlackElo "1773"]
[WhiteFideId "202010"]
[BlackFideId "36041424"]
[EventDate "2020.05.16"]

1. e4 d5 2. exd5 Qxd5 3. Nc3 Qa5 4. d4 Nf6 5. Bc4 Bf5 6. Bd2 c6 7. Nd5 Qd8 8.
Nxf6+ gxf6 9. c3 e6 10. Nf3 Nd7 11. h3 Nb6 12. Bb3 Bd6 13. Qe2 Qc7 14. O-O-O
O-O-O 15. Ne1 Bg6 16. Nd3 Rhe8 17. Rhe1 Nd5 18. Qf3 c5 19. Bxd5 Bxd3 20. Bxb7+
Qxb7 21. Qxd3 cxd4 22. cxd4 Kd7 23. Bc3 Rc8 24. d5 e5 25. Re4 Rc5 26. Rh4 Rec8
27. Rxh7 Ke7 28. Rd2 R5c7 29. Rc2 Rc5 30. Rxf7+ Kxf7 31. Qh7+ Ke8 32. Qxb7 R5c7
33. Qb5+ Ke7 34. g4 Rc5 35. Qd3 R5c7 36. h4 a5 37. f4 Bb4 38. fxe5 fxe5 39.
Bxb4+ axb4 40. d6+ Kd7 41. dxc7+ Ke6 42. Rc6+ Ke7 43. Qd6+ Ke8 44. Qe6+ Kf8 45.
Qxc8+ Kg7 46. h5 Kh7 47. Rg6 e4 48. Qg8# 1-0

[Event "ch-FRA Blitz Online Qual"]
[Site "Europe-Chess INT"]
[Date "2020.05.16"]
[Round "4"]
[White "Redjem, Mohamed"]
[Black "Poulet, Benoit"]
[Result "1-0"]
[WhiteElo "1777"]
[BlackElo "2094"]
[WhiteFideId "20608128"]
[BlackFideId "26085844"]
[EventDate "2020.05.16"]

1. d4 Nf6 2. c4 g6 3. Nc3 d5 4. cxd5 Nxd5 5. e4 Nxc3 6. bxc3 Bg7 7. Bc4 c5 8.
Ne2 Kf8 9. Be3 Nc6 10. O-O Na5 11. Bd3 b6 12. dxc5 Qc7 13. cxb6 axb6 14. Rb1 Rb8
15. f4 Be6 16. Qa4 Nc4 17. Bc1 Qc5+ 18. Kh1 b5 19. Qa6 f5 20. exf5 Bxf5 21. Bxf5
gxf5 22. Ng3 Bxc3 23. Qe6 Rb6 24. Qxf5+ Qxf5 25. Nxf5 Rf6 26. Ng3 b4 27. a3 bxa3
28. Ne4 a2 29. Nxc3 axb1=Q 30. Nxb1 Kf7 31. Na3 Nxa3 32. Bxa3 Ra8 33. Bb2 Rb6
34. Be5 Ra2 35. h4 Rb3 36. Kh2 Kg6 37. Rc1 Kh5 38. Rc7 Kxh4 39. Rxe7 h5 40. Rg7
Rh3+ 41. Kg1 Ra6 42. gxh3 Kxh3 43. f5 Ra1+ 44. Bxa1 h4 45. Kf2 Kh2 46. Rh7 h3
47. Bb2 Kh1 48. Rxh3# 1-0

[Event "ch-FRA Blitz Online Qual"]
[Site "Europe-Chess INT"]
[Date "2020.05.16"]
[Round "4"]
[White "Firouzja, Mohammadreza"]
[Black "Sere, Nicolas"]
[Result "0-1"]
[WhiteElo "2135"]
[BlackElo "1753"]
[WhiteFideId "12573990"]
[BlackFideId "36014320"]
[EventDate "2020.05.16"]

1. e4 c5 2. Nf3 e6 3. d4 cxd4 4. Nxd4 Nf6 5. Nc3 Nc6 6. Ndb5 Bc5 7. Nd6+ Ke7 8.
Bf4 e5 9. Nf5+ Kf8 10. Bg5 Bb4 11. a3 Bxc3+ 12. bxc3 d5 13. Bxf6 Qxf6 14. Qxd5
Bxf5 15. exf5 Qxf5 16. Qd6+ Kg8 17. Bd3 Qg5 18. O-O Rd8 19. Qc7 Qe7 20. Qxe7
Nxe7 21. Be4 Nc6 22. Rfd1 g6 23. Bxc6 Rxd1+ 24. Rxd1 bxc6 25. Rd7 Kg7 26. Rxa7
Rd8 27. g4 Rd2 28. Rc7 Rxc2 29. Rxc6 Ra2 30. Ra6 Rc2 31. a4 Rxc3 32. a5 Ra3 33.
Kg2 Kh6 34. h4 Kg7 35. g5 h5 36. Ra8 Kh7 37. a6 Kg7 38. f3 Ra4 39. Kg3 Kh7 40.
Kf2 Kg7 41. Ke2 Rxh4 42. Kd3 Ra4 43. Kc3 h4 44. Kb3 Ra1 45. Kb4 h3 46. Rc8 h2
47. a7 h1=Q 48. a8=Q Rxa8 49. Rxa8 Qb1+ 50. Kc5 Qc2+ 0-1

[Event "ch-FRA Blitz Online Qual"]
[Site "Europe-Chess INT"]
[Date "2020.05.16"]
[Round "4"]
[White "Calvo, Dylan"]
[Black "Galhaud, Jean-Philippe"]
[Result "1-0"]
[WhiteElo "2018"]
[BlackElo "1749"]
[WhiteFideId "36019410"]
[BlackFideId "26001349"]
[EventDate "2020.05.16"]

1. d4 Nf6 2. c4 c5 3. d5 e6 4. Nc3 exd5 5. cxd5 d6 6. e4 g6 7. Nf3 Bg7 8. Be2
Bg4 9. Qb3 Bxf3 10. Bxf3 b6 11. Bf4 O-O 12. O-O Qe7 13. a4 Nbd7 14. Rfe1 Ne5 15.
Be2 Nfd7 16. Bg3 Rac8 17. f4 c4 18. Qc2 Nd3 19. Bxd3 cxd3 20. Qxd3 Nc5 21. Qe2
Rfe8 22. e5 Nb3 23. Rad1 dxe5 24. d6 Qd7 25. fxe5 Re6 26. Nd5 Bf8 27. Nf6+ Rxf6
28. exf6 Nc5 29. Qb5 h5 30. Qxd7 Nxd7 31. Bh4 Rc6 32. Re8 Kh7 33. Rd8 Nc5 34.
Rxf8 Ne6 35. Rxf7+ Kg8 36. Re7 1-0

[Event "ch-FRA Blitz Online Qual"]
[Site "Europe-Chess INT"]
[Date "2020.05.16"]
[Round "4"]
[White "Rouast, Joseph"]
[Black "Jouneau, Quentin"]
[Result "1-0"]
[WhiteElo "1808"]
[BlackElo "2018"]
[WhiteFideId "45147000"]
[BlackFideId "649716"]
[EventDate "2020.05.16"]

1. d4 Nf6 2. c4 g6 3. Nc3 Bg7 4. e4 d6 5. Be2 O-O 6. Bg5 h6 7. Be3 Nbd7 8. Qd2
Kh7 9. Nf3 c5 10. d5 Ng4 11. Ng5+ hxg5 12. Bxg4 Ne5 13. Be2 f6 14. h4 g4 15.
O-O-O a6 16. f4 Nd7 17. h5 g5 18. Bxg4 gxf4 19. Bf5+ Kg8 20. Bxf4 Ne5 21. Bxe5
fxe5 22. Bxc8 Qxc8 23. Qg5 Kh7 24. Qg6+ Kh8 25. Rdf1 Rf6 26. Rxf6 Bxf6 27. Rf1
Qd7 28. Qf5 Qxf5 29. Rxf5 Rg8 30. Rf2 Rg5 31. Ne2 Rxh5 32. Kc2 Rh2 33. Kd3 Kg7
34. Ke3 Bh4 35. g3 Bxg3 36. Nxg3 Rxf2 37. Kxf2 Kg6 38. Kf3 Kg5 39. Ne2 Kf6 40.
Kg4 b5 41. b3 e6 42. Ng3 exd5 43. cxd5 c4 44. bxc4 bxc4 45. Ne2 Ke7 46. Nc3 Kd7
47. Kf5 Kc7 48. Ke6 a5 49. a4 1-0

[Event "ch-FRA Blitz Online Qual"]
[Site "Europe-Chess INT"]
[Date "2020.05.16"]
[Round "4"]
[White "Carlier-Bromberg, Paul"]
[Black "Hamon, Christian"]
[Result "0-1"]
[WhiteElo "1790"]
[BlackElo "2015"]
[WhiteFideId "36099155"]
[BlackFideId "614327"]
[EventDate "2020.05.16"]

1. e4 Nf6 2. e5 Nd5 3. c4 Nb6 4. d4 d6 5. exd6 cxd6 6. Nc3 g6 7. Be3 Bg7 8. Nf3
O-O 9. Be2 Nc6 10. O-O Bf5 11. a3 d5 12. c5 Nc4 13. Bxc4 dxc4 14. d5 Ne5 15.
Nxe5 Bxe5 16. Bd4 Bxd4 17. Qxd4 Bd3 18. Rfe1 Qd7 19. b3 Bc2 20. bxc4 Rac8 21.
Rac1 Bf5 22. f3 h5 23. h3 g5 24. g4 Bg6 25. Ne4 Bxe4 26. Rxe4 hxg4 27. Rxg4 f6
28. h4 Kf7 29. hxg5 Rg8 30. gxf6 Rxg4+ 31. fxg4 Rg8 32. Qf2 Rxg4+ 33. Kf1 exf6
34. Re1 Rg5 35. Ke2 Re5+ 36. Kd2 Rf5 37. Qh2 Rg5 38. Qh7+ Rg7 39. Qh5+ Kf8 40.
Qh8+ Kf7 41. d6 Rg2+ 42. Kc3 Rg3+ 43. Kb4 a5+ 44. Kxa5 Rxa3+ 0-1

[Event "ch-FRA Blitz Online Qual"]
[Site "Europe-Chess INT"]
[Date "2020.05.16"]
[Round "4"]
[White "Maugenest, Ghislain"]
[Black "Capton, Rafael"]
[Result "1-0"]
[WhiteElo "2013"]
[BlackElo "1737"]
[WhiteFideId "36029483"]
[BlackFideId "36084778"]
[EventDate "2020.05.16"]

1. d4 Nf6 2. c4 g6 3. Nc3 Bg7 4. e4 O-O 5. Nge2 d6 6. f3 Nbd7 7. Be3 e5 8. d5 b6
9. Qd2 a5 10. O-O-O Ba6 11. b3 Nc5 12. g4 a4 13. b4 Ncd7 14. Ng3 Qb8 15. b5 Bb7
16. h4 Nc5 17. h5 Qa7 18. Kb1 Qa5 19. Nce2 Nfd7 20. Qxa5 Rxa5 21. Nc3 a3 22. Kc2
Raa8 23. Rd2 Bc8 24. Rdh2 Nb8 25. Be2 f5 26. gxf5 gxf5 27. exf5 Bxf5+ 28. Nxf5
Rxf5 29. Rg1 Kf7 30. h6 Bf6 31. Ne4 Nbd7 32. Rh3 Be7 33. Rg7+ Ke8 34. Rhg3 Nf8
35. Bf1 Nxe4 36. fxe4 Rxf1 37. Bg5 Bxg5 38. R3xg5 Ra4 39. Kb3 Ra8 40. Rxc7 Rb1+
41. Kc3 Ra4 42. Rgg7 Nd7 43. Rcxd7 Rc1+ 44. Kd2 Raxc4 45. Rb7 R1c2+ 46. Ke1 Rc7
47. Rbxc7 Rxc7 48. Rxc7 Kd8 49. Rxh7 Kc8 50. Rg7 1-0

[Event "ch-FRA Blitz Online Qual"]
[Site "Europe-Chess INT"]
[Date "2020.05.16"]
[Round "4"]
[White "Berger Dit Lacroix, Kilian"]
[Black "Villeneuve, Robin"]
[Result "1-0"]
[WhiteElo "2129"]
[BlackElo "1662"]
[WhiteFideId "36091855"]
[BlackFideId "45100608"]
[EventDate "2020.05.16"]

1. e4 e5 2. Nf3 Nc6 3. d4 exd4 4. Nxd4 Bc5 5. Be3 Qf6 6. c3 Nge7 7. g3 d5 8. Bg2
dxe4 9. Nd2 Bd7 10. Nxe4 Qe5 11. Nxc5 Qxc5 12. Nxc6 Qf5 13. Nxe7 Kxe7 14. O-O
Rad8 15. Qb3 Rhe8 16. Qa3+ Kf6 17. Bd4+ Kg6 18. Qxa7 h6 19. Qxb7 Kh7 20. Rfe1
Kg8 21. Qxc7 Rc8 22. Rxe8+ Rxe8 23. h3 Re2 24. a4 Rd2 25. Qe5 Qg6 26. a5 Bb5 27.
Qxb5 1-0

[Event "ch-FRA Blitz Online Qual"]
[Site "Europe-Chess INT"]
[Date "2020.05.16"]
[Round "4"]
[White "Chung, Mathilde"]
[Black "Bailly, Thierry"]
[Result "0-1"]
[WhiteTitle "WFM"]
[WhiteElo "2083"]
[BlackElo "1989"]
[WhiteFideId "676446"]
[BlackFideId "26051680"]
[EventDate "2020.05.16"]

1. d4 Nf6 2. c4 e6 3. Nf3 Bb4+ 4. Bd2 Bxd2+ 5. Nbxd2 d5 6. Qc2 O-O 7. e4 dxe4 8.
Nxe4 Nc6 9. O-O-O Qe7 10. a3 a5 11. Bd3 h6 12. h3 b6 13. g4 Bb7 14. g5 Nxe4 15.
Bxe4 hxg5 16. Rdg1 f5 17. Bd3 e5 18. d5 e4 19. dxc6 exd3 20. Qxd3 Bxc6 21. Re1
Qf6 22. Rhg1 Rad8 23. Qb3 a4 24. Qe3 Bxf3 25. Qxf3 Qd4 26. Kb1 Qxc4 27. Rxg5
Qd3+ 28. Qxd3 Rxd3 29. Re7 Rf7 30. Rxf7 Kxf7 31. Rxf5+ Ke6 32. Rg5 Kf6 33. Rg3
Rxg3 34. fxg3 Kf5 35. Kc2 Ke4 36. Kc3 Kf3 37. g4 Kg3 38. g5 Kxh3 39. Kb4 Kh4 40.
Kxa4 Kxg5 41. Kb5 Kf5 42. Kc6 g5 43. Kxc7 g4 44. Kxb6 g3 45. a4 g2 46. b4 g1=Q+
47. Kc6 Qc1+ 48. Kb6 Ke6 49. b5 Kd7 50. a5 Kc8 51. a6 Qc7# 0-1

[Event "ch-FRA Blitz Online Qual"]
[Site "Europe-Chess INT"]
[Date "2020.05.16"]
[Round "4"]
[White "Suez-Panama, Gilles"]
[Black "Maugin, Narada"]
[Result "0-1"]
[WhiteElo "1943"]
[BlackElo "1947"]
[WhiteFideId "620165"]
[BlackFideId "45165025"]
[EventDate "2020.05.16"]

1. b3 d5 2. Bb2 Bg4 3. e3 Bxd1 4. Kxd1 Nf6 5. f4 c5 6. Nf3 Nc6 7. Bb5 e6 8. Nc3
Be7 9. d3 O-O 10. Ke2 a6 11. h3 axb5 12. Nxb5 Qb6 13. a4 Rfe8 14. Be5 Nxe5 15.
Nxe5 c4 16. g4 cxd3+ 17. cxd3 Bc5 18. d4 Bd6 19. g5 Ne4 20. Nd7 Qd8 21. Ne5 Bxe5
22. dxe5 Ng3+ 23. Kf3 Nxh1 24. Rxh1 Qb6 25. Nd4 Rac8 26. h4 Rc3 27. Re1 Qxd4 28.
Kg4 Rxe3 29. Rxe3 Qxe3 30. h5 Qg1+ 31. Kf3 Rc8 32. g6 Rc3+ 0-1

[Event "ch-FRA Blitz Online Qual"]
[Site "Europe-Chess INT"]
[Date "2020.05.16"]
[Round "4"]
[White "Ros, David"]
[Black "Kantzer, Romain"]
[Result "0-1"]
[WhiteElo "1767"]
[BlackElo "1930"]
[WhiteFideId "36079103"]
[BlackFideId "26024640"]
[EventDate "2020.05.16"]

1. e4 c5 2. Na3 g6 3. g3 Bg7 4. c3 Nc6 5. Bg2 d6 6. Ne2 Bg4 7. f3 Be6 8. O-O a6
9. Nc2 c4 10. d4 cxd3 11. Qxd3 Qd7 12. Ncd4 Bh3 13. Be3 Bxg2 14. Kxg2 h5 15.
Rad1 h4 16. g4 Ne5 17. Qd2 h3+ 18. Kf2 Nc4 19. Qc1 Nf6 20. Bf4 e5 21. Bg3 exd4
22. Rxd4 Qc7 23. b3 Ne5 24. c4 O-O 25. Rfd1 Rad8 26. R4d2 Qb6+ 27. Nd4 Rfe8 28.
Kf1 Qa5 29. Bf2 Nexg4 30. fxg4 Nxe4 31. Re2 Nxf2 32. Rxf2 Qc5 33. Qf4 Re7 34.
Rdd2 Rde8 35. Nf3 b5 36. g5 bxc4 37. bxc4 Qa3 38. Qxd6 Qxd6 39. Rxd6 Bc3 40.
Rxa6 Re1+ 41. Nxe1 Rxe1# 0-1

[Event "ch-FRA Blitz Online Qual"]
[Site "Europe-Chess INT"]
[Date "2020.05.16"]
[Round "4"]
[White "Thomas, Anysia"]
[Black "Lissillour, Baptiste"]
[Result "0-1"]
[WhiteTitle "WFM"]
[WhiteElo "2160"]
[BlackElo "1731"]
[WhiteFideId "670472"]
[BlackFideId "45179620"]
[EventDate "2020.05.16"]

1. d4 Nf6 2. c4 g6 3. Nc3 Bg7 4. e4 d6 5. h3 O-O 6. Nf3 e5 7. d5 a5 8. g4 Na6 9.
Be3 Nd7 10. h4 Ndc5 11. Rg1 c6 12. h5 cxd5 13. cxd5 Qb6 14. Qd2 Nb4 15. Na4 Qc7
16. Nxc5 dxc5 17. a3 Na6 18. Bh6 c4 19. Bxg7 Kxg7 20. Qc3 f6 21. g5 Nc5 22.
gxf6+ Rxf6 23. Nxe5 Nxe4 24. Qd4 Qc5 25. Qxc5 Nxc5 26. hxg6 hxg6 27. Bxc4 Bf5
28. Ng4 Re8+ 29. Kd2 Bxg4 30. Rxg4 b5 31. Bd3 Nb3+ 32. Kc3 Nxa1 33. Bxb5 Rc8+
34. Bc6 Rxf2 35. Re4 Rf3+ 36. Kd4 Kf6 37. Re6+ Kf5 38. Re7 Rf4+ 39. Kc5 Nb3+ 40.
Kd6 Nd4 41. Rf7+ Ke4 42. Re7+ Kf3 43. Kd7 Nxc6 44. dxc6 Rcf8 45. c7 Rc4 46. Re8
Rxe8 47. Kxe8 Rxc7 48. Kd8 Rc5 0-1

[Event "ch-FRA Blitz Online Qual"]
[Site "Europe-Chess INT"]
[Date "2020.05.16"]
[Round "4"]
[White "Siffert, Arman"]
[Black "Ferey, Antonin"]
[Result "1-0"]
[WhiteElo "1887"]
[BlackElo "2138"]
[WhiteFideId "45125350"]
[BlackFideId "36051454"]
[EventDate "2020.05.16"]

1. d4 Nf6 2. Bf4 e6 3. e3 c5 4. c3 Qb6 5. Qb3 Nc6 6. Nf3 d5 7. Nbd2 Bd7 8. Qxb6
axb6 9. a3 c4 10. Be2 b5 11. Rc1 Nh5 12. Bg3 Be7 13. e4 O-O 14. O-O Nxg3 15.
hxg3 Rae8 16. Nh2 Bg5 17. f4 Bd8 18. Bf3 Ne7 19. Ng4 Bb6 20. Rce1 dxe4 21. Nxe4
Bc6 22. Nd6 Rd8 23. Nxb7 Bxf3 24. gxf3 Rd7 25. Nc5 Bxc5 26. dxc5 Rfd8 27. Re2
Rd5 28. Rff2 Rxc5 29. Ne5 f6 30. Ng4 Kf7 31. Kf1 Rd1+ 32. Kg2 Nf5 33. Ne3 Nxe3+
34. Rxe3 Rcd5 35. Rfe2 Rd6 36. g4 Rb1 37. f5 e5 38. f4 Rd5 39. Kf3 Rf1+ 40. Kg2
Rxf4 41. Kg3 Rf1 42. Kg2 Rdd1 43. Re4 Rg1+ 44. Kf2 Rdf1+ 45. Ke3 Rg3+ 46. Kd2
Rd3+ 47. Kc2 Rg1 48. b3 Rgg3 49. bxc4 Rxc3+ 50. Kb2 Rb3+ 51. Kc2 Rgc3+ 52. Kd2
bxc4 53. a4 Rd3+ 54. Kc2 Rdc3+ 55. Kd2 Ra3 56. Re1 Rd3+ 57. Kc2 Ra2+ 58. Kb1
Rdd2 59. Rxc4 Rdb2+ 60. Kc1 g6 61. Rc7+ Kg8 62. Rd1 Ra1+ 63. Kxb2 Rxd1 64. fxg6
hxg6 65. a5 Rd4 66. Kb3 Rxg4 67. a6 Rg3+ 68. Kb2 Rg2+ 69. Kb3 Rg1 70. a7 Ra1 71.
Rc8+ Kf7 72. a8=Q Rxa8 73. Rxa8 Ke6 74. Kc3 Kf5 75. Kd3 Kg4 76. Ke3 f5 77. Kf2
g5 78. Rh8 e4 79. Re8 Kf4 80. Rf8 Kg4 81. Re8 Kf4 82. Re7 Kg4 83. Ke3 Kg3 84.
Re5 Kg4 85. Ra5 f4+ 86. Kxe4 Kh4 87. Kf3 Kh3 88. Rxg5 Kh4 89. Rg4+ Kh3 90. Rxf4
Kh2 91. Rf7 Kg1 92. Rh7 Kf1 93. Rh1# 1-0

[Event "ch-FRA Blitz Online Qual"]
[Site "Europe-Chess INT"]
[Date "2020.05.16"]
[Round "4"]
[White "Bournel, Antoine"]
[Black "Del Giovane, Fabio"]
[Result "1-0"]
[WhiteElo "2238"]
[BlackElo "1629"]
[WhiteFideId "26093553"]
[BlackFideId "45142190"]
[EventDate "2020.05.16"]

1. d4 Nf6 2. Nf3 g6 3. Bg5 Bg7 4. Nbd2 h6 5. Bh4 d6 6. e4 O-O 7. Be2 b6 8. c3
Bb7 9. Qc2 g5 10. Bg3 c5 11. O-O Nh5 12. Rfe1 Nxg3 13. hxg3 e5 14. dxe5 dxe5 15.
Nc4 Qe7 16. Rad1 Nd7 17. Nd6 Bc6 18. Nf5 Qe6 19. Rd6 Qxa2 20. Rxc6 Rad8 21.
Nxh6+ Kh7 22. Nxg5+ Kh8 23. c4 Qa5 24. Ngxf7+ Kh7 25. Ng5+ Kh8 26. Rd1 Bxh6 27.
Rxh6+ Kg7 28. Rh7+ Kg6 29. Rhxd7 Rxd7 30. Rxd7 Qa1+ 31. Rd1 Qa5 32. Nf3 Rh8 33.
Qd3 Qa6 34. Qd6+ Kg7 35. Qe7+ Kh6 36. Rd6+ Kh5 37. Nh4# 1-0

[Event "ch-FRA Blitz Online Qual"]
[Site "Europe-Chess INT"]
[Date "2020.05.16"]
[Round "4"]
[White "Salami, Reza"]
[Black "Fardet, Elouan"]
[Result "0-1"]
[WhiteElo "1882"]
[BlackElo "2163"]
[WhiteFideId "618659"]
[BlackFideId "45163596"]
[EventDate "2020.05.16"]

1. d4 Nf6 2. Nf3 g6 3. Nc3 d5 4. Bf4 Bg7 5. e3 O-O 6. Be2 c5 7. Ne5 Nc6 8. h4 h5
9. f3 Nd7 10. Nxc6 bxc6 11. g4 cxd4 12. exd4 Nf6 13. gxh5 Nxh5 14. Be3 Bf5 15.
Qd2 c5 16. dxc5 d4 17. O-O-O dxc3 18. Qxc3 Bxc3 19. Rxd8 Rfxd8 20. bxc3 Ng3 21.
Re1 Nxe2+ 22. Rxe2 Rac8 23. Kb2 Rc6 24. Kb3 Rb8+ 25. Kc4 Be6+ 26. Kd3 Bxa2 27.
Bf4 Rbc8 28. Rxe7 Rxc5 29. Bd2 a6 30. Re4 Bc4+ 31. Ke3 Be6 32. Kf4 Rc4 33. Ke3
Rxe4+ 34. fxe4 Rc4 35. Kd3 a5 36. Bc1 a4 37. Ba3 Rc8 38. e5 Rc4 39. Kd2 Kh7 40.
Bb4 Rxh4 41. Ba3 Rc4 42. Bb4 g5 43. Ba3 g4 44. Ke2 Kg6 45. Ke3 Kh5 46. Kf2 Kh4
47. Kg2 Bd5+ 48. Kf2 g3+ 0-1

[Event "ch-FRA Blitz Online Qual"]
[Site "Europe-Chess INT"]
[Date "2020.05.16"]
[Round "4"]
[White "Randrianarimanana, Alicia"]
[Black "Delabarre, Olivier"]
[Result "0-1"]
[WhiteElo "1971"]
[BlackElo "1997"]
[WhiteFideId "36034738"]
[BlackFideId "632481"]
[EventDate "2020.05.16"]

1. d4 g6 2. c4 Bg7 3. Nc3 c5 4. d5 Bxc3+ 5. bxc3 f5 6. g3 Qa5 7. Qd3 Nf6 8. Bg2
d6 9. Nh3 Nbd7 10. f4 Nb6 11. O-O Qa4 12. Nf2 Qxc4 13. Qxc4 Nxc4 14. Rd1 b6 15.
e4 Bb7 16. exf5 gxf5 17. Bf1 b5 18. Rb1 O-O-O 19. Rxb5 Ba6 20. Rb1 Kc7 21. Nh3
h6 22. Bd3 Ne4 23. Bxe4 fxe4 24. Re1 Na5 25. Nf2 Bc4 26. Rb2 Rb8 27. Rxe4 Rxb2
28. Bxb2 Kd7 29. Nd1 Bxd5 30. Ra4 Nc6 31. Ne3 Be6 32. c4 Rb8 33. Bc3 Rb1+ 34.
Kf2 Rc1 35. Bd2 Rh1 36. Kg2 Rd1 37. Bc3 Rd3 38. Nd5 Rd1 39. Bb2 Rd2+ 40. Kf3
Rxb2 41. Ra3 Rb7 42. Re3 Nd4+ 43. Kf2 Kc6 44. h3 Bxd5 45. cxd5+ Kxd5 46. g4 Rb2+
47. Kg3 e6 48. g5 hxg5 49. fxg5 Nf5+ 50. Kf4 Nxe3 51. Kxe3 Ke5 52. h4 Kf5 53.
Kf3 Rxa2 54. Kg3 Ra4 55. h5 Kxg5 56. h6 Kxh6 57. Kf3 Rd4 58. Ke3 a5 59. Kf3 a4
60. Ke3 a3 61. Kf3 a2 62. Ke3 a1=Q 63. Kf3 Qc3+ 64. Ke2 Rd2+ 65. Ke1 Qc1# 0-1

[Event "ch-FRA Blitz Online Qual"]
[Site "Europe-Chess INT"]
[Date "2020.05.16"]
[Round "4"]
[White "Lardon, Quentin"]
[Black "Gordon, James"]
[Result "0-1"]
[WhiteElo "2013"]
[BlackElo "1775"]
[WhiteFideId "36050407"]
[BlackFideId "45186154"]
[EventDate "2020.05.16"]

1. c4 e5 2. Nc3 Nc6 3. g3 f5 4. Bg2 Nf6 5. e3 d5 6. cxd5 Nb4 7. d3 Nfxd5 8. Nxd5
Nxd5 9. Ne2 Be7 10. O-O Nf6 11. Qb3 Bd6 12. Bd2 c6 13. Bc3 Qe7 14. a3 Be6 15.
Qc2 O-O 16. Rad1 Kh8 17. f4 Ng4 18. Bd2 Rad8 19. h3 Nf6 20. Bc3 e4 21. Bxf6 Qxf6
22. dxe4 fxe4 23. Qxe4 Bf5 24. Qd4 Qe7 25. Qc3 Bc5 26. Nd4 Be4 27. Rfe1 Rfe8 28.
Rd2 Bxg2 29. Kxg2 Qe4+ 30. Kg1 Bxd4 31. Qa5 Bxe3+ 32. Kf1 Rxd2 33. Re2 Qh1# 0-1

[Event "ch-FRA Blitz Online Qual"]
[Site "Europe-Chess INT"]
[Date "2020.05.16"]
[Round "4"]
[White "Baroyan, Davit"]
[Black "Suspene, Jacques"]
[Result "1-0"]
[WhiteElo "2218"]
[BlackElo "1610"]
[WhiteFideId "26033607"]
[BlackFideId "651023059"]
[EventDate "2020.05.16"]

1. d4 d5 2. c4 e6 3. Nc3 Nf6 4. cxd5 exd5 5. Bg5 c6 6. e3 Be7 7. Qc2 Nbd7 8. Bd3
O-O 9. Nge2 Re8 10. O-O Nf8 11. f3 h6 12. Bh4 N6h7 13. Bf2 Bg5 14. e4 dxe4 15.
fxe4 Be7 16. Bc4 Nf6 17. Qb3 Ne6 18. Rad1 b5 19. Bxe6 Bxe6 20. d5 cxd5 21. exd5
Bd7 22. d6 Bf8 23. Bh4 Rb8 24. Nd5 Rxe2 25. Bxf6 gxf6 26. Nxf6+ Qxf6 27. Rxf6
Be6 28. Qg3+ Kh7 29. d7 Rd8 30. Qh4 1-0

[Event "ch-FRA Blitz Online Qual"]
[Site "Europe-Chess INT"]
[Date "2020.05.16"]
[Round "4"]
[White "Guillemart, Serge"]
[Black "Douchez, Tony"]
[Result "1-0"]
[WhiteElo "2107"]
[BlackElo "1630"]
[WhiteFideId "26015579"]
[BlackFideId "36087785"]
[EventDate "2020.05.16"]

1. e4 e5 2. Nf3 Nc6 3. d4 exd4 4. Nxd4 Bc5 5. Be3 Qf6 6. Nb5 Bxe3 7. fxe3 Qh4+
8. g3 Qxe4 9. Nxc7+ Kd8 10. Nxa8 Qxh1 11. Qd6 Nge7 12. Nc3 Qf3 13. Qc7+ Ke8 14.
Qf4 Qxf4 15. exf4 Kd8 16. O-O-O b6 17. Nb5 Bb7 18. Nd6 Bxa8 19. Nxf7+ Ke8 20.
Nxh8 d5 21. c4 Nb4 22. a3 Na2+ 23. Kb1 dxc4 24. Kxa2 Bd5 25. Ka1 Kf8 26. Rd4 Kg8
27. Bxc4 Bxc4 28. Rxc4 Kxh8 29. Rc7 Ng8 30. Rxa7 h6 31. Rb7 Nf6 32. Rxb6 Nd5 33.
Rd6 Ne3 34. Ka2 Nf1 35. a4 Nxh2 36. a5 Nf1 37. a6 Nxg3 38. a7 Nf5 39. Rd8+ Kh7
40. a8=Q Kg6 41. Qe4 h5 42. Rd6+ Kh7 43. Qxf5+ Kg8 44. Rd8# 1-0

[Event "ch-FRA Blitz Online Qual"]
[Site "Europe-Chess INT"]
[Date "2020.05.16"]
[Round "4"]
[White "Saba, Nathalie"]
[Black "Le Brech, Cyril"]
[Result "1-0"]
[WhiteElo "1626"]
[BlackElo "1986"]
[WhiteFideId "26095939"]
[BlackFideId "20675186"]
[EventDate "2020.05.16"]

1. e4 e5 2. Nf3 Nf6 3. Nxe5 d6 4. Nf3 Nxe4 5. d4 d5 6. Bd3 Bd6 7. O-O O-O 8. Re1
f5 9. c4 c6 10. Nc3 Nxc3 11. bxc3 f4 12. cxd5 cxd5 13. Qb3 Bc7 14. Qc2 h6 15.
Ne5 Nc6 16. Bh7+ Kh8 17. Ng6+ Kxh7 18. Nxf8+ Kg8 19. Ne6 Bxe6 20. Rxe6 Qh4 21.
Qg6 f3 22. h3 fxg2 23. Qxg2 Kh8 24. Be3 Rf8 25. Rg6 Rf7 26. Bxh6 Ne7 27. Bxg7+
Kh7 28. Rh6+ Qxh6 29. Bxh6 Kxh6 30. Re1 Nf5 31. Re6+ Kh7 32. Qg6+ 1-0